Statistiken für Größte zufällige Nachbarländer

Klicken Sie hier um das Quiz zu spielen!

Allgemein

  • Dieses Quiz wurde 580 mal gespielt
  • Das Durchschnittsergebnis liegt bei 13 aus 16

Antwortstatistiken

Land..und es ist der größte Nachbar% Korrekt
TunesienAlgerien
100%
BrasilienArgentinien
100%
ParaguayBrasilien
100%
Frankreich
(einschließlich französischer überseeischer Departements usw.)
Brasilien
100%
ArgentinienBrasilien
100%
BolivienBrasilien
100%
LaosChina
100%
NepalChina
100%
RusslandChina
100%
BhutanChina
100%
Zentralafrikanische RepublikDemokratische Republik Kongo
100%
AngolaDemokratische Republik Kongo
100%
Tschechische RepublikDeutschland
100%
NiederlandeDeutschland
100%
LiberiaElfenbeinküste
100%
SchwedenFinnland
100%
ItalienFrankreich
100%
BelgienFrankreich
100%
SchweizFrankreich
100%
DeutschlandFrankreich
100%
SpanienFrankreich
100%
MonacoFrankreich
100%
Dominikanische RepublikHaiti
100%
MalaysiaIndonesien
100%
TürkeiIran
100%
ArmenienIran
100%
Vatikan-StadtItalien
100%
SlowenienItalien
100%
San MarinoItalien
100%
ÄquatorialguineaKamerun
100%
Vereinigte StaatenKanada
100%
SüdkoreaNordkorea
100%
IranPakistan
100%
EcuadorPeru
100%
LettlandRussland
100%
KasachstanRussland
100%
UkraineRussland
100%
NordkoreaRussland
100%
LitauenRussland
100%
FinnlandRussland
100%
ChinaRussland
100%
EstlandRussland
100%
KuwaitSaudi Arabien
100%
OmanSaudi Arabien
100%
KatarSaudi Arabien
100%
IrakSaudi Arabien
100%
GambiaSenegal
100%
Bosnien und HerzegowinaSerbien
100%
KosovoSerbien
100%
PortugalSpanien
100%
Frankreich
(ohne französische überseeische Departements usw.)
Spanien
100%
LesothoSüdafrika
100%
EswatiniSüdafrika
100%
MosambikSüdafrika
100%
ÄgyptenSudan
100%
EritreaSudan
100%
LibanonSyrien
100%
KambodschaThailand
100%
GriechenlandTürkei
100%
IrlandVereinigtes Königreich
100%
MexikoVereinigte Staaten
100%
KanadaVereinigte Staaten
100%
NordmakedonienGriechenland
90%
ÖsterreichDeutschland
89%
MoldawienUkraine
89%
DschibutiÄthiopien
88%
KolumbienBrasilien
88%
VenezuelaBrasilien
88%
MontenegroSerbien
88%
PortugalSpanien
88%
NigerAlgerien
86%
NicaraguaHonduras
86%
AlgerienLibyen
86%
ÄthiopienSudan
86%
MyanmarChina
83%
VietnamChina
83%
BurundiDemokratische Republik Kongo
83%
Vereinigtes KönigreichIrland
83%
GuineaMali
83%
Burkina FasoNiger
83%
WeißrusslandRussland
83%
Vereinigte Arabische EmirateSaudi Arabien
83%
UruguayBrasilien
80%
IndienChina
80%
AndorraFrankreich
80%
HondurasNicaragua
80%
NorwegenRussland
80%
MongoleiRussland
80%
JemenSaudi Arabien
80%
KeniaÄthiopien
78%
SlowakeiUkraine
78%
LibyenAlgerien
75%
PakistanChina
75%
RuandaDemokratische Republik Kongo
75%
LuxemburgFrankreich
75%
UsbekistanKasachstan
75%
SudanLibyen
75%
TschadLibyen
75%
GuatemalaMexiko
75%
LiechtensteinÖsterreich
75%
MarokkoAlgerien
71%
UngarnUkraine
71%
BruneiMalaysia
70%
BulgarienTürkei
70%
NamibiaAngola
67%
ChileArgentinien
67%
SurinamBrasilien
67%
PeruBrasilien
67%
KirgisistanChina
67%
AfghanistanChina
67%
AlbanienGriechenland
67%
El SalvadorHonduras
67%
Saudi ArabienJemen
67%
TurkmenistanKasachstan
67%
SenegalMali
67%
SüdafrikaNamibia
67%
IndonesienPapua Neu-Guinea
67%
SerbienRumänien
67%
AserbaidschanRussland
67%
JordanienSaudi Arabien
67%
Guinea-BissauSenegal
67%
NigeriaTschad
67%
SyrienTürkei
67%
PalästinaÄgypten
63%
BangladeschIndien
63%
Papua Neu-GuineaIndonesien
63%
OsttimorIndonesien
60%
BelizeMexiko
60%
PolenRussland
60%
KroatienUngarn
60%
IsraelÄgypten
57%
Republik KongoDemokratische Republik Kongo
56%
Sierra LeoneGuinea
56%
MaliAlgerien
50%
Demokratische Republik KongoAngola
50%
SomaliaÄthiopien
50%
SambiaDemokratische Republik Kongo
50%
TansaniaDemokratische Republik Kongo
50%
UgandaDemokratische Republik Kongo
50%
DänemarkDeutschland
50%
PanamaKolumbien
50%
Costa RicaNicaragua
50%
BeninNiger
50%
GeorgienRussland
50%
RumänienUkraine
50%
SüdsudanDemokratische Republik Kongo
44%
TadschikistanChina
43%
BotswanaSüdafrika
40%
KamerunTschad
40%
MauretanienAlgerien
33%
GuyanaBrasilien
33%
TogoBurkina Faso
33%
HaitiDominikanische Republik
33%
GhanaElfenbeinküste
33%
SimbabweSüdafrika
33%
MalawiTansania
25%
ThailandBurma
0%
GabunKamerun
0%
ElfenbeinküsteMali
0%

Verteilung der Resultate

Perzentil nach korrekt beantworteten Fragen

Anzahl Personen mit jedem Resultat

Ihre Resultats-Entwicklung

Sie haben dieses Quiz noch nicht gespielt